01088nam a22002531 4500001001300000003000400013005001700017008004100034010002200075040001700097043001200114050001900126082001300145100004500158240004300203245014700246260020100393300003900594500009100633650002500724710002900749710003900778999001700817he 67000062 DLC20260227111443.0850918m19669999is ab 00010 eng  ahe 67000062 //r85 aDLC/ICUcICU ae-ur---0 aQL690.R9bD4430 a598.294710aDementʹev, G. P.q(Georgiĭ Petrovich)10aPtit͡sy Sovetskogo Soi͡uza.lEnglish10aBirds of the Soviet Unionb(Ptitsy Sovetskogo Soyuza)c[by] G.P. Dementʹev [and others] Translated from Russian [by A. Birron and Z.S. Cole].0 aJerusalem,bIsrael Program for Scientific Translations;b[available from the U.S. Dept. of Commerce, Clearinghouse for Federal Scientific and Technical Information, Springfield, Va.]c1966-<70 > av. <1-6 >billus., maps.c24 cm. aPublished for the Smithsonian Institution and National Science Foundation, Washington. 0aBirdszSoviet Union.20aSmithsonian Institution.20aNational Science Foundation (U.S.) c32074d32074